Запрещённая Ватиканом литература - Армагеддон - Statistics

General Stats
  • This quiz has been taken 18 times
  • The average score is 3 of 14
Answers on the Grid
Answers color-coded by a green-red scale on the quiz's grid according to % correct below.
Декамерон
Над пропастью во ржи
Похвала глупости
Происхождение видов
Потерянный Рай
Утопия
Забавная Библия
Государь
Божественная комедия
Талмуд
О вращении небесных сфер
Ты здесь, Бог? Это я, Маргарет
Война и мир
Критика чистого разума
Капитал
Любовник леди Чаттерли
Центурии
Сатанинская Библия
Сущность христианства
Гаргантюа и Пантагрюэль
Наставления о методе
Собор Парижской Богоматери
О природе вещей
Бог как иллюзия
Фауст
Отверженные
Мир как воля и представление
Шагреневая кожа
Голый завтрак
Мадам Бовари
 
Answer Stats
Answer % Correct
Декамерон
63%
Похвала глупости
38%
О вращении небесных сфер
38%
Государь
25%
Талмуд
25%
Критика чистого разума
13%
Любовник леди Чаттерли
13%
Центурии
13%
Гаргантюа и Пантагрюэль
13%
Наставления о методе
13%
Собор Парижской Богоматери
13%
Отверженные
13%
Шагреневая кожа
13%
Мадам Бовари
13%
No matching quizzes found
Score Distribution
Percent of People with Each Score
Percentile by Number Answered
Your Score History
You have not taken this quiz